Bilecik Bilecik Bilecik Bilecik Bilecik

Urartu : (Record no. 35984)

MARC details
000 -BAŞLIK
Sabit Uzunluktaki Kontrol Alanı 02579nam a22003497a 4500
001 - KONTROL NUMARASI
Control Dosyası 0036084
003 - KONTROL NUMARASI KİMLİĞİ
Kontrol Alanı KOHA_MİRAKIL
005 - EN SON İŞLEM TARİHİ ve ZAMANI
Kontrol Alanı 20260207002957.0
007 - FİZİKSEL TANIM SABİT ALAN - GENEL BİLGİ
Sabit uzunluklu kontrol alanı ta
008 - SABİT UZUNLUKTAKİ VERİ ÖGELERİ - GENEL BİLGİ
Sabit Alan 120409b2011 tu a|||gr||||#||||0|tur |
020 ## - ISBN - ULUSLARARASI STANDART KİTAP NUMARASI
Isbn 9789750818578
040 ## - KATALOGLAMA KAYNAĞI
Özgün Kataloglama Kurumu TR-BiSEU
Kataloglama Dili tur
Çeviri Kurumu TR-BiSEU
Açıklama Kuralları rda
041 0# - DİL KODU
Metin ya da ses kaydının dil kodu tur
044 ## - YAYINLAYAN/ÜRETEN KURULUŞUN ÜLKE KODU
ISO country code tu
050 ## - SINIFLAMA ve YER NUMARASI
Sınıflama Numarası DS156
Yer Numarası .U72 2011
240 10 - TEK BİÇİM BAŞLIK
Tekbiçim Başlık <a href="Urartu : transformation in the East">Urartu : transformation in the East</a>
Language of a work Türkçe
245 0# - ESER ADI BİLDİRİMİ
Başlık Urartu :
Alt Eseradı vb. Doğu'da değişim =
-- Urartu :
-- transformation in the East/
Sorumluluk Bildirimi hazırlayan Kemalettin Köroğlu, Erkan Konyar.
264 #1 - ÜRERİM, YAYIN, DAĞITIM ve TELİF BİLDİRİMİ
Yayın yeri İstanbul :
Yayınlayan Yapı Kredi Yayınları
Yayın tarihi 2011
300 ## - FİZİKSEL TANIMLAMA
Sayfa, Cilt vb. 373 sayfa :
Diğer fiziki detaylar resimli , harita, plan ;
Boyutları 33 cm.
336 ## - İÇERİK TÜRÜ
Content type term metin
Content type code txt
Source rdacontent
337 ## - MEDYA TÜRÜ
Media type term aracısız
Media type code n
Source rdamedia
338 ## - TAŞIYICI TÜRÜ
Carrier type term cilt
Carrier type code nc
Source rdacarrier
490 1# - DİZİ BİLDİRİMİ
Dizi Bildirimi Anadolu uygarlıkları serisi =
-- Anatolian civilization series ;
Cilt Numarası 1
500 ## - GENEL NOT
Genel Not Kaynakça var.
505 ## - İÇİNDEKİLER NOTU
İçindekiler Notu Urartu : krallık ve aşiretler= Urartu : the kingdom and tribes / Köroğlu, Kemalettin
Statement of responsibility Çilingiroğlu, Altan --
Title Urartuda mezar tipleri ver gömü âdetleri =
Statement of responsibility Konyar, Erkan --
Title Urartu silahları =
Statement of responsibility Urartian weapons / Biber, Hanifi
Title Erzincan Altıntepe fortress /Karaosmanoğlu, Mehmet. In Turkish and English.
650 #0 - KONU BAŞLIĞI EK GİRİŞ - KONU TERİMİ
Konusal terim veya coğrafi ad Urartians.
9 (RLIN) 68507
650 #0 - KONU BAŞLIĞI EK GİRİŞ - KONU TERİMİ
Konusal terim veya coğrafi ad Urartu--Civilization.
9 (RLIN) 68508
650 #0 - KONU BAŞLIĞI EK GİRİŞ - KONU TERİMİ
Konusal terim veya coğrafi ad Urartu--Antiquities.
9 (RLIN) 68509
650 #0 - KONU BAŞLIĞI EK GİRİŞ - KONU TERİMİ
Konusal terim veya coğrafi ad Urartu.
9 (RLIN) 20989
830 1# - SERİ EK GİRİŞİ - TEKBİÇİM ESER ADI
Tekbiçim Başlık Anadolu uygarlıkları serisi =
-- Anatolian civilization series ;
Volume number/sequential designation 1
9 (RLIN) 68510
942 ## - EK GİRİŞ ÖGELERİ (KOHA)
Source of classification or shelving scheme Library of Congress Classification
Koha item type Book
505 ## - İÇİNDEKİLER NOTU
-- Unutulan ve tekrar hayata dönen bir krallık : Urartu çalışmaları ve literatütü
-- Kingdom revived from oblivion : Urartian studies and literature / Zimansky, Paul
-- Urartu tarihine genel bir bakış
-- Overview of Urartian history / Salvini, Mirjo
-- Urartu ve çağdaşları = Urartu and its contemporaries / Zimansky, Paul
-- Etnoarkeolojik veriler işığında Doğu Anadolu'nun Urartu döneminde sosyo-ekonomik yapısı = Ethnoarchaeology of the socio-economic structure of East Anatolia in the Urartian period / Yakar, Jak
-- İran'daki Urartu şehirleri = Urartian cities in Iran / Kroll, Stephan
-- Urartu yazısı ve dili = Urartian writing and language / Dinçol, Ali M. ; Dinçol, Belkis
-- Urartu dini = Urartian religion /
-- Tomb types and burial traditions in Urartu /
-- Urartu takıları
-- Urartian jewelry / Çavuşoğlu, Rafet
-- Urartu çanak çömleğli =
-- Urartian pottery/ Erdem, Aylin Ü. ; Konyar, Erkan
-- Başkent Tuşpa = Capital city Tushpa / Tarhan, M. Taner
-- Ayanis kalesi = Ayanis fortress / Çilingiroğlu, Altan
-- Erzincan Altıntepe kalesi =
Holdings
Materyal Türü Kalıcı Konum Mevcut Konum Raf Yeri Sınıflandırma Kaynağı Edinim Bilgisi Ana Konular Alt Konular Yer Numarası Demirbaş Numarası Fatura Tarihi Geri Çekilme Durumu Kayıp Durumu Hasarlı Durumu Kredi için değil Kayıt Tarih Toplam Ödünçverme Son Görülme Tarihi Son Kontrol Tarihi Genel / Bağış Notu
Book Prof. Dr. Azmi Özcan Kütüphanesi Prof. Dr. Azmi Özcan Kütüphanesi Uluğbey Salonu Library of Congress Classification Bağış DÜNYA TARİHİ (AVRUPA, ASYA, AFRİKA VB.) Asya DS156 .U72 2011 0036084 02/02/2026         09/04/2012 12 05/12/2024 05/12/2024 Genel Bağış